Statistics for Best nba players current

Click here to take the quiz!

General Stats

  • This quiz has been taken 10 times
  • The average score is 6 of 15

Answer Stats

% Correct
14e
88%
2Lebron
88%
12c
75%
13d
75%
11b
63%
10a
50%
1Curry
50%
15f
50%
6beal
13%
4Davis
13%
3mitchell
13%
7morant
13%
8westbrook
13%
9dame
0%
5kyrie
0%

Score Distribution

Percentile by Number Answered

Percent of People with Each Score

Your Score History

You have not taken this quiz